000 00323nam a2200121Ia 4500
008 230907s9999||||xx |||||||||||||| ||und||
082 _a500.82
_bBAR
100 _aBarr, Jean,
_9115880
245 0 _aCommon science? :
260 _aIndiana University Press,
_bBloomington, In :
_c1998
300 _avii 165 p. ;
942 _cBK
999 _c600049
_d600049